[Event "CAN-ch"]
[Site "Toronto CAN"]
[Date "1996.08.23"]
[Round "10"]
[White "Schleifer, Michael"]
[Black "Frialde, Arniel"]
[Result "1-0"]
[WhiteElo "2270"]
[BlackElo "2332"]
[PlyCount "97"]
[EventDate "1996.08.14"]
[EventType "tourn"]
[EventRounds "15"]
[EventCountry "CAN"]
[EventCategory "4"]
[Source "CFC"]
[SourceDate "2002.12.??"]

1. d4 g6 2. c4 Bg7 3. Nc3 d6 4. Nf3 Bg4 5. g3 Bxf3 6. exf3 Nc6 7. d5 Ne5 8. f4
Nd7 9. Qc2 Nh6 10. Bh3 O-O 11. Be3 c5 12. O-O Nb6 13. b3 Nf5 14. Rac1 Nd4 15.
Qd1 a6 16. Ne2 Nxe2+ 17. Qxe2 Nc8 18. a4 Na7 19. Rb1 a5 20. Bc1 b6 21. Bb2 Bf6
22. Rfe1 Nc8 23. Rbd1 Ra7 24. Rd3 Rc7 25. Re3 Bxb2 26. Qxb2 Re8 27. f5 Rf8 28.
Re4 g5 29. f6 exf6 30. Bxc8 Rxc8 31. Re7 Kg7 32. R1e6 Rc7 33. Rxc7 Qxc7 34.
Qxf6+ Kg8 35. Qxg5+ Kh8 36. Qf6+ Kg8 37. Re4 Qd7 38. Re7 Qd8 39. Kg2 h6 40. Kh3
Qc8+ 41. g4 h5 42. Qg5+ Kh8 43. Qxh5+ Kg7 44. Qg5+ Kh8 45. Qf6+ Kg8 46. Kh4 b5
47. g5 b4 48. g6 Qd8 49. Kg5 1-0

[Event "CAN-ch"]
[Site "Toronto CAN"]
[Date "1996.08.24"]
[Round "11"]
[White "Day, Lawrence"]
[Black "Schleifer, Michael"]
[Result "1-0"]
[WhiteElo "2400"]
[BlackElo "2270"]
[PlyCount "145"]
[EventDate "1996.08.14"]
[EventType "tourn"]
[EventRounds "15"]
[EventCountry "CAN"]
[EventCategory "4"]

1. e4 c5 2. Nc3 Nc6 3. f4 e6 4. Nf3 d6 5. Be2 Nf6 6. O-O Be7 7. Qe1 O-O 8. Kh1
a6 9. d3 b5 10. a3 Bb7 11. Be3 d5 12. e5 Ng4 13. Bg1 Nh6 14. d4 cxd4 15. Nd1 f6
16. Nxd4 Nxd4 17. Bxd4 Nf5 18. c3 fxe5 19. fxe5 Nxd4 20. cxd4 Qb6 21. Qd2 Rxf1+
22. Bxf1 Rf8 23. Nc3 Qc6 24. Bd3 Qe8 25. Ne2 Qh5 26. Ng1 Bg5 27. Qe1 Bf4 28.
Nh3 Bh6 29. Qg3 Kh8 30. Ng1 Bc8 31. Be2 Qe8 32. Qc3 Bd7 33. Nf3 Qc8 34. Qb4 Kg8
35. Qc5 Qc6 36. Bd3 Rc8 37. b4 Be8 38. g4 Qd7 39. Qb6 Rc3 40. Rd1 Qf7 41. Kg2
Bc1 42. Qxa6 Rxa3 43. Qc8 Ra2+ 44. Bc2 Be3 45. Rf1 Qd7 46. Qc5 Qc6 47. Ne1 Qxc5
48. dxc5 Bd2 49. Rf2 Bxe1 50. Bxh7+ Kxh7 51. Rxa2 Bxb4 52. Ra8 Bg6 53. c6 Be4+
54. Kh3 d4 55. c7 Bxa8 56. c8=Q Be4 57. Qd7 Bc3 58. Qxb5 Bg6 59. Qc4 Bb2 60.
Qxe6 d3 61. Qd6 Bc3 62. e6 d2 63. e7 Bf6 64. Qxd2 Bxe7 65. Kg3 Bf6 66. Kf4 Kh6
67. h4 Be7 68. g5+ Kh7 69. Kg4 Kg8 70. Qd7 Bf8 71. h5 Bf7 72. g6 Bc4 73. h6 1-0

[Event "CAN-ch"]
[Site "Toronto CAN"]
[Date "1996.08.29"]
[Round "15"]
[White "Nickoloff, Bryon"]
[Black "Schleifer, Michael"]
[Result "1-0"]
[WhiteElo "2410"]
[BlackElo "2270"]
[PlyCount "63"]
[EventDate "1996.08.14"]
[EventType "tourn"]
[EventRounds "15"]
[EventCountry "CAN"]
[EventCategory "4"]
[Source "CFC"]
[SourceDate "2002.12.??"]

1. d4 Nc6 2. Nf3 d6 3. c4 g6 4. d5 Nb8 5. e4 Bg7 6. Nc3 Na6 7. Bd3 Nc5 8. Bc2
Nf6 9. h3 e6 10. O-O O-O 11. Be3 exd5 12. exd5 Re8 13. Bd4 Bh6 14. Re1 Rf8 15.
b4 Ncd7 16. Ne2 c5 17. dxc6 bxc6 18. c5 d5 19. Ne5 Nxe5 20. Bxe5 Nd7 21. Bd6
Re8 22. Ba4 Bb7 23. b5 cxb5 24. Bxb5 Rc8 25. Qa4 Re4 26. Qxa7 Bc6 27. Bxc6 Rxc6
28. Nc3 Rxe1+ 29. Rxe1 Bd2 30. Nxd5 Bxe1 31. Ne7+ Kg7 32. Nxc6 1-0

[Event "Eastern Ontario op"]
[Site "Ottawa CAN"]
[Date "1996.06.15"]
[Round "2"]
[White "Pacey, Kevin"]
[Black "Schleifer, Michael"]
[Result "0-1"]
[WhiteElo "2257"]
[BlackElo "2467"]
[PlyCount "78"]
[EventDate "1996.06.15"]
[EventType "swiss"]
[EventRounds "5"]
[EventCountry "CAN"]

1. d4 Nf6 2. Nc3 c5 3. d5 e5 4. Nf3 d6 5. Nd2 Be7 6. Nc4 O-O 7. e4 Re8 8. Be2
Nbd7 9. O-O Nf8 10. f4 exf4 11. e5 dxe5 12. d6 g5 13. dxe7 Qxe7 14. Qd6 Bf5 15.
Qxe7 Rxe7 16. Ne3 Be6 17. Nc4 Ng6 18. b3 Nd5 19. Nxd5 Bxd5 20. Bb2 Be4 21. Nd6
Bxc2 22. Rac1 Rd8 23. Nxf7 Rd2 24. Bc4 b5 25. Bc3 bxc4 26. Bxd2 Bd3 27. Nh6+
Kg7 28. Rf3 Kxh6 29. bxc4 Bf5 30. Ra3 e4 31. Ra5 Rc7 32. Bb4 Ne5 33. Rxc5 Rxc5
34. Bxc5 Nd3 35. Bf8+ Kg6 36. Rc3 g4 37. c5 e3 38. Rxd3 Bxd3 39. c6 f3 0-1

[Event "Quebec-ch"]
[Site "Montreal CAN"]
[Date "1996.06.04"]
[Round "2"]
[White "Filion, Charles"]
[Black "Schleifer, Michael"]
[Result "0-1"]
[WhiteElo "2097"]
[BlackElo "2270"]
[PlyCount "132"]
[EventDate "1996.06.03"]
[EventType "tourn"]
[EventRounds "9"]
[EventCountry "CAN"]
[EventCategory "3"]

1. e4 Nc6 2. Nf3 d6 3. d4 Bg4 4. Bb5 a6 5. Bxc6+ bxc6 6. h3 Bh5 7. Nc3 e6 8.
Qd3 Bg6 9. O-O Be7 10. Ne2 Nf6 11. Ng3 h6 12. Re1 O-O 13. Qc4 Qd7 14. Qe2 Qc8
15. e5 Nd7 16. b3 Re8 17. Ba3 a5 18. Nd2 a4 19. c4 Qb8 20. exd6 cxd6 21. Nge4
Bf8 22. Nc3 axb3 23. axb3 Nf6 24. c5 d5 25. b4 Rxa3 26. Rxa3 Qxb4 27. Rea1 Qxd4
28. Na4 e5 29. Qe3 Qb4 30. Qb3 Qa5 31. Qc3 Qxc3 32. Rxc3 Nd7 33. Nb3 d4 34.
Rcc1 Rb8 35. Na5 Be4 36. Nc4 f6 37. Nab6 Rd8 38. Nxd7 Rxd7 39. Nb6 Rd8 40. f3
Bf5 41. Kf1 d3 42. Rc3 h5 43. Ra8 Rxa8 44. Nxa8 Kf7 45. Nc7 e4 46. fxe4 Bxe4
47. Rc4 f5 48. Na6 h4 49. Rd4 Be7 50. Kf2 Bg5 51. Nb4 d2 52. Na2 Bd5 53. Nc3
Bf6 54. Rxd5 cxd5 55. Nd1 Bd4+ 56. Ke2 Bxc5 57. Kxd2 Kf6 58. Kd3 Kg5 59. Nc3
Kf4 60. Nxd5+ Kg3 61. Kc4 Bf2 62. Ne7 f4 63. Nf5+ Kxg2 64. Nxg7 Ba7 65. Kd3 f3
66. Ne6 Bb8 0-1

[Event "Quebec-ch"]
[Site "Montreal CAN"]
[Date "1996.06.05"]
[Round "3"]
[White "Schleifer, Michael"]
[Black "O'Donnell, Tom"]
[Result "1/2-1/2"]
[WhiteElo "2270"]
[BlackElo "2365"]
[PlyCount "28"]
[EventDate "1996.06.03"]
[EventType "tourn"]
[EventRounds "9"]
[EventCountry "CAN"]
[EventCategory "3"]

1. d4 d5 2. Nf3 c6 3. Bf4 Nf6 4. h3 Bf5 5. Nbd2 e6 6. g4 Bg6 7. Bg2 Bd6 8. Ne5
Qc7 9. Bg3 Nfd7 10. Nxg6 hxg6 11. Bxd6 Qxd6 12. e4 Qb4 13. exd5 exd5 14. O-O
O-O 1/2-1/2

[Event "Quebec-ch"]
[Site "Montreal CAN"]
[Date "1996.06.06"]
[Round "4"]
[White "Schleifer, Michael"]
[Black "Ross, Dave"]
[Result "1/2-1/2"]
[WhiteElo "2270"]
[BlackElo "2355"]
[PlyCount "222"]
[EventDate "1996.06.03"]
[EventType "tourn"]
[EventRounds "9"]
[EventCountry "CAN"]
[EventCategory "3"]

1. e4 b6 2. d4 Bb7 3. Bd3 e6 4. Qe2 d6 5. Nf3 a6 6. O-O Nd7 7. Re1 g6 8. Bg5
Ne7 9. c3 Bg7 10. Nbd2 h6 11. Bh4 g5 12. Bg3 Ng6 13. h3 h5 14. e5 g4 15. hxg4
hxg4 16. Nh2 dxe5 17. Bxg6 fxg6 18. Qxg4 Qe7 19. Qxg6+ Qf7 20. Qxf7+ Kxf7 21.
Nhf3 Rh5 22. Nxe5+ Nxe5 23. Bxe5 Rah8 24. f3 Bxe5 25. dxe5 Rd8 26. Rad1 Rd5 27.
Nf1 Rhxe5 28. Rxd5 Rxd5 29. Re2 Ke7 30. Ne3 Rg5 31. Kf2 a5 32. Ng4 Rd5 33. Ne3
Rd8 34. Ke1 Rh8 35. Ng4 Rh1+ 36. Kf2 Ra1 37. a3 Rb1 38. Ne5 Bd5 39. Ke3 Rd1 40.
Nd3 b5 41. Re1 Rxe1+ 42. Nxe1 e5 43. Nd3 Kd6 44. g4 Bf7 45. Nc1 Bg6 46. Ne2 c5
47. f4 exf4+ 48. Nxf4 Bh7 49. g5 Ke5 50. Nh5 Bg6 51. Nf6 Bf5 52. Ng8 Bg6 53.
Ne7 Be8 54. g6 Kf6 55. Nd5+ Kxg6 56. Nc7 Bc6 57. Na6 Kf5 58. Nxc5 Ke5 59. Nb3
a4 60. Nd2 Kd5 61. Kd3 Kc5 62. Nf1 Be8 63. Ne3 Bg6+ 64. Kd2 Be4 65. Ng4 Bf5 66.
Ne5 Kd6 67. Nf3 Bg4 68. Nd4 Bd7 69. Kd3 Be8 70. Ke3 Ke5 71. Nf3+ Kd5 72. Nd2
Bg6 73. Kf4 Bh7 74. Nf3 Bc2 75. Nd4 Bd3 76. Ke3 Bf1 77. Kd2 Kc4 78. Nc2 Bh3 79.
Ne3+ Kc5 80. Kd3 Be6 81. Ke4 Bf7 82. Ke5 Bg8 83. Nf5 Bh7 84. Nd4 Bg8 85. Kf6
Bd5 86. Ke7 Bg8 87. Kd7 Bd5 88. Kc7 Bc4 89. Kb7 Bd5+ 90. Ka6 Bc4 91. Ka5 Bd3
92. Ne6+ Kc4 93. Nc7 Kc5 94. Na8 Be4 95. Nc7 Bc6 96. Na6+ Kc4 97. Kb6 Be8 98.
Nb8 Kb3 99. Kc5 Kxb2 100. Kb4 Kc2 101. Na6 Kb2 102. Nc7 Bd7 103. Nd5 Be8 104.
Nb6 Bc6 105. c4 bxc4 106. Nxc4+ Kc2 107. Nb6 Kd3 108. Nc8 Kd4 109. Nb6 Ke5 110.
Nxa4 Bxa4 111. Kxa4 Kd6 1/2-1/2

[Event "Quebec-ch"]
[Site "Montreal CAN"]
[Date "1996.06.07"]
[Round "5"]
[White "Linskiy, Oleg"]
[Black "Schleifer, Michael"]
[Result "1-0"]
[WhiteElo "2315"]
[BlackElo "2270"]
[PlyCount "55"]
[EventDate "1996.06.03"]
[EventType "tourn"]
[EventRounds "9"]
[EventCountry "CAN"]
[EventCategory "3"]

1. b3 d5 2. Bb2 Bf5 3. g3 c6 4. Bg2 Nf6 5. Nf3 h6 6. d3 e6 7. Nbd2 a5 8. O-O a4
9. bxa4 Be7 10. c4 Nbd7 11. Bc3 O-O 12. a5 Bh7 13. d4 Bd6 14. Qb3 Ra7 15. Ne5
Bc7 16. a6 Nxe5 17. dxe5 Nd7 18. axb7 Nc5 19. Qb4 Na4 20. Bd4 Ra6 21. Nb3 Qd7
22. e4 Rb8 23. cxd5 cxd5 24. exd5 exd5 25. Rfc1 Bd8 26. Bxd5 Qxd5 27. Rc8 Rxb7
28. Qxb7 1-0

[Event "Quebec-ch"]
[Site "Montreal CAN"]
[Date "1996.06.10"]
[Round "7"]
[White "Leveille, Francois"]
[Black "Schleifer, Michael"]
[Result "1-0"]
[WhiteElo "2365"]
[BlackElo "2270"]
[PlyCount "143"]
[EventDate "1996.06.03"]
[EventType "tourn"]
[EventRounds "9"]
[EventCountry "CAN"]
[EventCategory "3"]

1. b3 d5 2. Bb2 Nf6 3. g3 g6 4. Bg2 Bg7 5. Nf3 O-O 6. O-O a5 7. c4 c6 8. d3 Na6
9. Nbd2 a4 10. Qb1 Qa5 11. Qc1 b5 12. Bc3 b4 13. Be5 a3 14. Qc2 Bb7 15. Rac1
Rfe8 16. Qb1 Bh6 17. Rc2 Nd7 18. Ba1 e6 19. Re1 Rad8 20. Bh3 Nac5 21. Qd1 e5
22. cxd5 cxd5 23. d4 exd4 24. Nxd4 Ne4 25. Nxe4 dxe4 26. Bxd7 Rxd7 27. e3 Bg7
28. Qc1 Qd5 29. Rc5 Qd6 30. Nb5 Qd2 31. Bxg7 Kxg7 32. Rc2 Qd3 33. Rc5 Red8 34.
Nd4 Bd5 35. Rd1 Qa6 36. Qd2 Rb8 37. Rdc1 Kg8 38. Qe1 Qd6 39. Qe2 h5 40. h4 Qf6
41. Rc8+ Rxc8 42. Rxc8+ Rd8 43. Qc2 g5 44. Rxd8+ Qxd8 45. hxg5 Qxg5 46. Qc5 h4
47. Qxb4 Qe5 48. Qxa3 hxg3 49. Qa5 gxf2+ 50. Kxf2 Qh2+ 51. Ke1 Be6 52. Qa8+ Kg7
53. Qxe4 Qxa2 54. Nxe6+ fxe6 55. Qxe6 Qb2 56. Qe7+ Kg6 57. Qe4+ Kg5 58. b4 Kh6
59. Qe6+ Kg5 60. Qd5+ Kg6 61. b5 Kh6 62. Qd6+ Kg5 63. Qc5+ Kg6 64. b6 Qb1+ 65.
Kd2 Kf6 66. Qd6+ Kf7 67. Qd7+ Kf6 68. Qc6+ Ke5 69. b7 Qb2+ 70. Kd3 Qb1+ 71. Kc4
Qc2+ 72. Kb5 1-0

[Event "Quebec-ch"]
[Site "Montreal CAN"]
[Date "1996.06.11"]
[Round "8"]
[White "Schleifer, Michael"]
[Black "Moussa, Alaa Eddine"]
[Result "1/2-1/2"]
[WhiteElo "2270"]
[BlackElo "2205"]
[PlyCount "108"]
[EventDate "1996.06.03"]
[EventType "tourn"]
[EventRounds "9"]
[EventCountry "CAN"]
[EventCategory "3"]

1. d4 Nf6 2. c4 e6 3. Nf3 b6 4. g3 Ba6 5. Nbd2 Bb7 6. Bg2 Be7 7. O-O O-O 8. b3
d5 9. Bb2 Nbd7 10. Rc1 c5 11. cxd5 exd5 12. Ne5 Re8 13. e3 Rc8 14. Bh3 Rc7 15.
f4 Bc8 16. g4 Bf8 17. Qf3 h5 18. gxh5 Nxe5 19. dxe5 Ne4 20. Rcd1 Nxd2 21. Rxd2
Bxh3 22. Qxh3 Re6 23. Qf3 Rd7 24. Rfd1 Rh6 25. Rg2 d4 26. exd4 cxd4 27. Qg4 d3
28. Bc3 Rc6 29. Bb4 Rd4 30. Bxf8 Qxf8 31. Qf3 Rc3 32. Qg3 Rc2 33. h3 Rxg2+ 34.
Kxg2 Qc5 35. Rd2 Qc1 36. Qf2 Qc3 37. Kg3 Qc5 38. Qe3 Qd5 39. Qf3 Qd8 40. Qc6
Kh7 41. Qb7 Rd7 42. Qe4+ Kh8 43. Qf5 Kg8 44. Kf3 Qc8 45. Rxd3 Rxd3+ 46. Qxd3
Qxh3+ 47. Ke4 Qg2+ 48. Kd4 Qf2+ 49. Qe3 Qxa2 50. e6 fxe6 51. Qxe6+ Kh7 52. Qe4+
Kh8 53. Qe8+ Kh7 54. Qg6+ Kh8 1/2-1/2

[Event "Quebec-ch"]
[Site "Montreal CAN"]
[Date "1996.06.12"]
[Round "9"]
[White "Girard, Robin"]
[Black "Schleifer, Michael"]
[Result "0-1"]
[WhiteElo "2262"]
[BlackElo "2270"]
[PlyCount "60"]
[EventDate "1996.06.03"]
[EventType "tourn"]
[EventRounds "9"]
[EventCountry "CAN"]
[EventCategory "3"]

1. e4 c5 2. Nf3 e6 3. d4 cxd4 4. Nxd4 Nf6 5. Nc3 d6 6. Be2 Be7 7. O-O O-O 8. f4
Nc6 9. Be3 a6 10. a4 Bd7 11. Qe1 e5 12. Nxc6 Bxc6 13. fxe5 dxe5 14. Qg3 Nxe4
15. Nxe4 Bxe4 16. Qxe5 Bxc2 17. Bc4 Bf6 18. Qd5 Qxd5 19. Bxd5 Rfe8 20. Bb6 Be4
21. Bxe4 Rxe4 22. Rad1 Rxa4 23. Rfe1 h6 24. Bc5 Rc8 25. b4 a5 26. Be7 Bc3 27.
Re4 Re8 28. Rd8 Rxd8 29. Bxd8 Bxb4 30. Bxa5 Bc5+ 0-1

[Event "Interclubs"]
[Site "Montreal CAN"]
[Date "1996.02.13"]
[Round "1"]
[White "Moisan-Plante, Marc-Olivier"]
[Black "Schleifer, Michael"]
[Result "1/2-1/2"]
[WhiteElo "2115"]
[BlackElo "2358"]
[PlyCount "83"]
[EventDate "1996.03.01"]
[EventType "team"]
[EventRounds "5"]
[EventCountry "CAN"]

1. e4 e6 2. d4 c5 3. Nf3 a6 4. Nc3 cxd4 5. Nxd4 d6 6. f4 Qc7 7. Be3 Nf6 8. Qf3
d5 9. e5 Ng8 10. Qg3 Nc6 11. Bd3 Nxd4 12. Bxd4 Ne7 13. O-O-O Bd7 14. f5 Nc6 15.
Ne2 O-O-O 16. Rhf1 Qa5 17. Kb1 Kb8 18. Qe3 Nxd4 19. Nxd4 Bc5 20. c3 Qb6 21.
fxe6 fxe6 22. Rf7 g6 23. Rdf1 a5 24. Be2 a4 25. Bg4 Rhf8 26. Rxf8 Rxf8 27.
Rxf8+ Bxf8 28. Qf4 Ba3 29. b4 axb3 30. axb3 Bc5 31. b4 Bxd4 32. Qxd4 Qb5 33.
Kb2 Qf1 34. Bf3 Qe1 35. g3 g5 36. Bg4 h6 37. Bf3 Qf1 38. Bg4 Qg2+ 39. Ka3 Qh1
40. Bd1 Bb5 41. Qb6 Qxd1 42. Qxb5 1/2-1/2

[Event "Interclubs"]
[Site "Montreal CAN"]
[Date "1996.03.10"]
[Round "2"]
[White "Levtchouk, George"]
[Black "Schleifer, Michael"]
[Result "1-0"]
[WhiteElo "2320"]
[BlackElo "2358"]
[PlyCount "137"]
[EventDate "1996.03.01"]
[EventType "team"]
[EventRounds "5"]
[EventCountry "CAN"]

1. d4 Nf6 2. c4 e6 3. Nc3 Bb4 4. f3 c5 5. d5 Bxc3+ 6. bxc3 d6 7. e4 e5 8. Bd3
O-O 9. Ne2 Re8 10. g4 Nbd7 11. Ng3 Nf8 12. h4 Ng6 13. h5 Nf4 14. Bxf4 exf4 15.
Ne2 Nd7 16. Nxf4 Qf6 17. Qd2 Ne5 18. Be2 b6 19. O-O Ba6 20. Ng2 Nxc4 21. Bxc4
Bxc4 22. g5 Qe5 23. Rf2 Ba6 24. Re1 Qg3 25. Qc1 Qh3 26. h6 gxh6 27. gxh6 Re5
28. Nf4 Rg5+ 29. Rg2 Qxh6 30. Rxg5+ Qxg5+ 31. Kf2 Kh8 32. Rg1 Qh4+ 33. Ke3 Rg8
34. Rh1 Qf6 35. Rh5 Rg5 36. Rh2 Bc4 37. a3 b5 38. Kf2 a5 39. Nh5 Qh6 40. Qf4
Rg6 41. Nf6 Qxh2+ 42. Qxh2 Rxf6 43. f4 Kg7 44. Ke3 Rh6 45. Qg3+ Rg6 46. Qf2 h5
47. Qh4 Kh6 48. Qe7 Kg7 49. f5 Rg3+ 50. Kf4 Rg4+ 51. Kf3 Bd3 52. e5 Be4+ 53.
Ke3 Bxd5 54. Qxd6 Re4+ 55. Kd2 Bc4 56. Qf6+ Kg8 57. Qg5+ Kf8 58. Qxh5 Ke7 59.
Qg5+ Kd7 60. Qf6 Re2+ 61. Kd1 Rh2 62. Qd6+ Kc8 63. Qxc5+ Kb7 64. Qe7+ Kc6 65.
Qd6+ Kb7 66. e6 Rh1+ 67. Kd2 fxe6 68. fxe6 Bxe6 69. Qxe6 1-0

[Event "Interclubs"]
[Site "Montreal CAN"]
[Date "1996.05.04"]
[Round "5"]
[White "Linskiy, Oleg"]
[Black "Schleifer, Michael"]
[Result "0-1"]
[WhiteElo "2402"]
[BlackElo "2358"]
[PlyCount "100"]
[EventDate "1996.03.01"]
[EventType "team"]
[EventRounds "5"]
[EventCountry "CAN"]

1. e4 c5 2. Nf3 Nc6 3. d4 cxd4 4. Nxd4 Nf6 5. Nc3 d6 6. Bg5 e6 7. Bb5 Bd7 8.
Bxc6 bxc6 9. Qd3 h6 10. Bh4 g5 11. Bg3 h5 12. h4 g4 13. Qe2 e5 14. Nf5 Bxf5 15.
exf5 Bh6 16. O-O O-O 17. Ne4 Rb8 18. Rad1 Nxe4 19. Qxe4 Rxb2 20. Qxc6 Rb6 21.
Qe4 Qa8 22. Rd5 Rc8 23. f6 Rb4 24. Qf5 Qxd5 25. Qxc8+ Bf8 26. a3 Rc4 27. Qf5
Qe4 28. Qxh5 Qg6 29. Qxg6+ fxg6 30. Rb1 Kf7 31. Rb7+ Kxf6 32. Rxa7 Rxc2 33. Ra8
Bh6 34. Ra6 Ke6 35. f3 Rc3 36. Kf2 Be3+ 37. Ke2 Bc5 38. Be1 gxf3+ 39. gxf3 Re3+
40. Kd1 Rxa3 41. Rxa3 Bxa3 42. Ke2 Kf5 43. Bg3 Bc1 44. Kd3 d5 45. Ke2 Bf4 46.
Be1 e4 47. fxe4+ dxe4 48. Ba5 Kg4 49. Bd8 Bg3 50. Ke3 Bxh4 0-1

[Event "Outaouais op"]
[Site "Hull CAN"]
[Date "1995.11.18"]
[Round "2"]
[White "Schleifer, Michael"]
[Black "Pacey, Kevin"]
[Result "1-0"]
[WhiteElo "2436"]
[BlackElo "2249"]
[PlyCount "75"]
[EventDate "1995.11.17"]
[EventType "swiss"]
[EventRounds "5"]
[EventCountry "CAN"]

1. d4 Nf6 2. c4 e6 3. Nf3 Bb4+ 4. Nbd2 b6 5. e3 Bb7 6. Be2 O-O 7. O-O c5 8. a3
Bxd2 9. Bxd2 Nc6 10. b4 Ne4 11. Qc2 Ne7 12. Rad1 Qc7 13. Bc1 Rae8 14. Bb2 f5
15. dxc5 bxc5 16. bxc5 Rd8 17. Be5 Qc6 18. Qb2 Rf7 19. Nd4 Qc8 20. Bd6 Ba8 21.
Qb4 Nc6 22. Nxc6 Bxc6 23. f3 Nxd6 24. cxd6 Qa8 25. Qa5 Rff8 26. Rb1 Rb8 27. Rb4
Rb7 28. Rfb1 Rfb8 29. Kf2 Kf7 30. c5 Re8 31. Rxb7 Bxb7 32. Qc7 Bc6 33. Bb5 Rc8
34. Bxc6 Qxc6 35. Qxc6 Rxc6 36. Rb7 Ke8 37. Rb8+ Kf7 38. Rd8 1-0

[Event "Labour Day op"]
[Site "Toronto CAN"]
[Date "1995.09.03"]
[Round "4"]
[White "Veltmann, Martin"]
[Black "Schleifer, Michael"]
[Result "0-1"]
[WhiteElo "2230"]
[BlackElo "2415"]
[PlyCount "40"]
[EventDate "1995.09.02"]
[EventType "swiss"]
[EventRounds "6"]
[EventCountry "CAN"]

1. c4 e5 2. Nc3 f5 3. g3 Nc6 4. Bg2 Nf6 5. d3 Bc5 6. e3 O-O 7. Nge2 d6 8. O-O
a6 9. a3 Bb6 10. b4 Be6 11. Bb2 Qe8 12. Nd5 Bxd5 13. cxd5 Ne7 14. Nc3 Qg6 15.
a4 f4 16. a5 Ba7 17. Bc1 fxg3 18. hxg3 Qf7 19. e4 Qg6 20. Ne2 Ng4 0-1

[Event "Festival gourmands"]
[Site "Asbestos CAN"]
[Date "1995.08.27"]
[Round "5"]
[White "Levtchouk, George"]
[Black "Schleifer, Michael"]
[Result "0-1"]
[WhiteElo "2319"]
[BlackElo "2357"]
[PlyCount "132"]
[EventDate "1995.08.25"]
[EventType "swiss"]
[EventRounds "5"]
[EventCountry "CAN"]

1. d4 Nf6 2. c4 g6 3. Nc3 Bg7 4. e4 O-O 5. f3 d6 6. Be3 Nc6 7. Nge2 a6 8. Qd2
e5 9. d5 Na5 10. Nc1 c5 11. Bg5 Rb8 12. Be2 Bd7 13. a4 Qb6 14. b3 Nh5 15. g3 f5
16. Be3 f4 17. Bf2 fxg3 18. hxg3 Qd8 19. Rg1 Kh8 20. Rb1 b6 21. Be3 Rf7 22. Kd1
Qf8 23. Kc2 Nf6 24. g4 Ne8 25. Rh1 Nc7 26. g5 Qe8 27. Ra1 Ra8 28. Nd1 Nb7 29.
Nf2 b5 30. axb5 axb5 31. Rxa8 Qxa8 32. Kd1 bxc4 33. bxc4 Qa3 34. Ke1 Na6 35.
Nfd3 Na5 36. Nb2 Bc8 37. Rh2 Rb7 38. Bd3 Nb4 39. Re2 Rf7 40. Rf2 Ba6 41. Be2
Rb7 42. Bd3 Nxd3+ 43. Qxd3 Qa1 44. Qc2 Rb4 45. Kd1 Nxc4 46. Nxc4 Bxc4 47. Ke1
Qa6 48. Bd2 Rb8 49. Bc3 Rf8 50. Qb2 Qa7 51. Qb1 Qe7 52. Bd2 Qd7 53. Qc2 Ba6 54.
Qa2 Bc8 55. Qa5 Qh3 56. Qb6 Qg3 57. Ke2 Bg4 58. Qb3 Bh5 59. Qc3 Rxf3 60. Rxf3
Qg2+ 61. Kd3 Bxf3 62. Qc4 Bf8 63. Qa4 Kg8 64. Be3 Qg4 65. Bd2 Bg2 66. Na2 c4+
0-1

[Event "North Bay int."]
[Site "North Bay CAN"]
[Date "1995.08.03"]
[Round "1"]
[White "Schleifer, Michael"]
[Black "Mayer, Steve"]
[Result "1-0"]
[WhiteElo "2432"]
[BlackElo "2169"]
[PlyCount "113"]
[EventDate "1995.08.03"]
[EventType "swiss"]
[EventRounds "8"]
[EventCountry "CAN"]

1. d4 Nf6 2. c4 g6 3. Nc3 Bg7 4. g3 O-O 5. Bg2 d6 6. Nf3 Nc6 7. O-O Bg4 8. h3
Bxf3 9. Bxf3 Nd7 10. e3 e5 11. d5 Ne7 12. Bg2 f5 13. f4 Nc5 14. Rb1 a5 15. Bd2
Nc8 16. Qc2 Nb6 17. b3 Ncd7 18. e4 exf4 19. gxf4 Nc5 20. Rbe1 fxe4 21. Nxe4
Nxe4 22. Rxe4 Nd7 23. Re2 Nf6 24. Bf3 c6 25. dxc6 bxc6 26. f5 gxf5 27. Qxf5 Kh8
28. Rg2 Ra7 29. Qg5 d5 30. cxd5 cxd5 31. Be3 Raf7 32. Bd4 Nh5 33. Bxg7+ Nxg7
34. Qxd8 Rxd8 35. Bg4 Rxf1+ 36. Kxf1 d4 37. h4 h5 38. Bh3 Ne8 39. Ke2 Nf6 40.
Bf5 Nd5 41. Kd2 Ne3 42. Rg5 Rf8 43. Rxh5+ Kg7 44. Rg5+ Kh6 45. Be4 Rf2+ 46. Kd3
Rxa2 47. Kxd4 Rb2 48. Kxe3 Rxb3+ 49. Kf4 a4 50. Ra5 a3 51. Ra6+ Kg7 52. Bf5
Rb4+ 53. Kg5 a2 54. Rxa2 Rb6 55. Ra7+ Kh8 56. Ra8+ Kg7 57. h5 1-0

[Event "North Bay int."]
[Site "North Bay CAN"]
[Date "1995.08.03"]
[Round "2"]
[White "Dougherty, Michael"]
[Black "Schleifer, Michael"]
[Result "1-0"]
[WhiteElo "2309"]
[BlackElo "2432"]
[PlyCount "75"]
[EventDate "1995.08.03"]
[EventType "swiss"]
[EventRounds "8"]
[EventCountry "CAN"]

1. d4 Nf6 2. c4 e6 3. Nc3 Bb4 4. e3 b6 5. Nge2 Bb7 6. g3 Bxc3+ 7. Nxc3 d5 8.
cxd5 Nxd5 9. Bb5+ c6 10. Bd3 O-O 11. O-O Nd7 12. Nxd5 cxd5 13. Bd2 a6 14. Rc1
Nf6 15. f3 Re8 16. Qe2 Nd7 17. f4 Nf6 18. f5 exf5 19. Bxf5 Ne4 20. Bxh7+ Kxh7
21. Qh5+ Kg8 22. Qxf7+ Kh8 23. Rf5 Nf6 24. Rc7 Qxc7 25. Qxc7 Bc8 26. Rg5 Bd7
27. Re5 Rec8 28. Qb7 Rcb8 29. Qc7 Rc8 30. Qd6 Rc2 31. Bc3 Re8 32. h3 Bb5 33.
Rxe8+ Bxe8 34. e4 dxe4 35. d5 Bg6 36. Bxf6 gxf6 37. Qxf6+ Kh7 38. d6 1-0

[Event "North Bay int."]
[Site "North Bay CAN"]
[Date "1995.08.05"]
[Round "6"]
[White "Johnstone, Glenn"]
[Black "Schleifer, Michael"]
[Result "0-1"]
[WhiteElo "2373"]
[BlackElo "2432"]
[PlyCount "86"]
[EventDate "1995.08.03"]
[EventType "swiss"]
[EventRounds "8"]
[EventCountry "CAN"]

1. e4 g6 2. d4 Bg7 3. Nf3 d6 4. Nc3 Bg4 5. Be2 Nf6 6. O-O O-O 7. Be3 Nc6 8. d5
Bxf3 9. gxf3 Nb8 10. Kh1 c6 11. dxc6 Nxc6 12. Qd2 Rc8 13. Rad1 a6 14. f4 Qc7
15. Bd3 Na5 16. Qe2 Nc4 17. Bc1 b5 18. Rfe1 Qb7 19. b3 Nb6 20. Nb1 Rcd8 21. f3
Nfd7 22. Rg1 Nc5 23. f5 Nbd7 24. Rg3 d5 25. Nd2 Ne5 26. Nf1 Nxf3 27. Qxf3 dxe4
28. Qg2 exd3 29. Qxb7 Nxb7 30. cxd3 Nd6 31. Ne3 Rd7 32. Rf1 Nb7 33. Ng4 Rc8 34.
fxg6 hxg6 35. Rgf3 Nd6 36. h4 Rc5 37. Kg2 Rh5 38. Rh3 Nf5 39. Nh2 Bf6 40. Nf3
Rxd3 41. Rfh1 Rc3 42. Bg5 Rc2+ 43. Kf1 Rxa2 0-1

[Event "North Bay int."]
[Site "North Bay CAN"]
[Date "1995.08.06"]
[Round "7"]
[White "Schleifer, Michael"]
[Black "Levine, David"]
[Result "0-1"]
[WhiteElo "2432"]
[BlackElo "2522"]
[PlyCount "76"]
[EventDate "1995.08.03"]
[EventType "swiss"]
[EventRounds "8"]
[EventCountry "CAN"]

1. d4 e6 2. c4 f5 3. g3 Nf6 4. Bg2 d5 5. Nd2 c6 6. Nh3 Bd6 7. O-O O-O 8. cxd5
exd5 9. Nf3 Ne4 10. Nf4 Qe8 11. Nd3 Nd7 12. Bf4 Bxf4 13. Nxf4 Rf6 14. e3 Rh6
15. Nd3 Qh5 16. h4 Ndf6 17. Nf4 Qe8 18. Qe2 Ng4 19. Rac1 Qe7 20. a3 Bd7 21. Nh3
Re8 22. Nfg5 Rf6 23. Qe1 Qd6 24. f3 Nxg3 25. fxg4 Nxf1 26. Nxh7 Kxh7 27. g5
Rfe6 28. Qxf1 Rxe3 29. Nf4 g6 30. h5 gxh5 31. Qf2 Qe7 32. g6+ Kh6 33. Kh2 h4
34. Nh3 Qd6+ 35. Kh1 Rg3 36. Nf4 Rg4 37. Ne2 Qxg6 38. Bh3 Qg5 0-1

[Event "Quebec op"]
[Site "Montreal CAN"]
[Date "1995.??.??"]
[Round "1"]
[White "Moussa, Alaa Eddine"]
[Black "Schleifer, Michael"]
[Result "1/2-1/2"]
[WhiteElo "2205"]
[BlackElo "2260"]
[PlyCount "65"]
[EventDate "1995.07.26"]
[EventType "swiss"]
[EventRounds "9"]
[EventCountry "CAN"]
[Source "ChessBase"]
[SourceDate "1998.11.10"]

1. d4 Nf6 2. c4 g6 3. Nc3 Bg7 4. e4 O-O 5. Be2 d6 6. Bg5 h6 7. Be3 e5 8. d5 Na6
9. Qd2 Kh7 10. f3 Nh5 11. Bd1 c6 12. Nge2 cxd5 13. cxd5 Bd7 14. g4 Nf6 15. a4
Nc7 16. b4 b5 17. axb5 Qb8 18. b6 axb6 19. Rxa8 Nxa8 20. b5 Nc7 21. Qb2 Rc8 22.
Nc1 Be8 23. Be2 Nd7 24. N1a2 Nc5 25. O-O Qa7 26. Nb4 Ra8 27. Nc2 Bd7 28. Ra1
Qb8 29. Ra3 f5 30. Nb4 fxg4 31. fxg4 Qd8 32. Rxa8 Nxa8 33. h3 1/2-1/2